Jak dál v ochraně osobních údajů
Dva typy legislatívnych úprav ochrany osobných údajov - modely EÚ a APEC. Charakteristika modelu EÚ. Zmena v doterajšom chápaní ochrany osobných údajov. RFID (Radio Frequency Identification) a BrainGate. Všeobecné tendencie v ochrane osobných údajov do roku 2020.
Gespeichert in:
| 1. Verfasser: | |
|---|---|
| Format: | Buchkapitel |
| Sprache: | Tschechisch |
| Schlagworte: | |
| Tags: |
Keine Tags, Fügen Sie das erste Tag hinzu!
|
MARC
| LEADER | 00000naa$a2200000$$$4500 | ||
|---|---|---|---|
| 001 | 0053942 | ||
| 005 | 20231128135058.6 | ||
| 041 | 0 | |a cze | |
| 044 | |a CZ | ||
| 245 | 1 | 0 | |a Jak dál v ochraně osobních údajů |c Bohumír Štědroň |
| 520 | |a Dva typy legislatívnych úprav ochrany osobných údajov - modely EÚ a APEC. Charakteristika modelu EÚ. Zmena v doterajšom chápaní ochrany osobných údajov. RFID (Radio Frequency Identification) a BrainGate. Všeobecné tendencie v ochrane osobných údajov do roku 2020. | ||
| 610 | 2 | 0 | |a technológie informačné |
| 610 | 2 | 0 | |a technológie komunikačné |
| 610 | 2 | 0 | |a technológie nové |
| 610 | 2 | 0 | |a ochrana údajov osobných |
| 610 | 2 | 0 | |a legislatíva |
| 100 | 1 | |a Štědroň, Bohumír | |